书目信息 |
| 题名: |
室内设计概论
|
|
| 作者: | 张书鸿 主编 | |
| 分册: | ||
| 出版信息: | 武汉 华中科技大学出版社 2007.09 |
|
| 页数: | 406页 | |
| 开本: | 26cm | |
| 丛书名: | ||
| 单 册: | ||
| 中图分类: | TU238 | |
| 科图分类: | ||
| 主题词: | 室内设计--shi nei she ji--高等学校--教材 | |
| 电子资源: | ||
| ISBN: | 978-7-5609-4120-2 | |
| 000 | 00986nam0 2200265 450 | |
| 001 | 012008890885 | |
| 005 | 20091222143328.62 | |
| 010 | @a978-7-5609-4120-2@dCNY55.00 | |
| 100 | @a20080425d2007 em y0chiy0120 ea | |
| 101 | 0 | @achi |
| 102 | @aCN@b420000 | |
| 105 | @aak a 000yy | |
| 106 | @ar | |
| 200 | 1 | @a室内设计概论@Ashi nei she ji gai lun@d= Generality on the interior design@f张书鸿主编@Fzhang shu hong zhu bian@zeng |
| 210 | @a武汉@c华中科技大学出版社@d2007.09 | |
| 215 | @a406页@c图 (部分彩图)@d26cm | |
| 300 | @a普通高等院校建筑专业“十一五”规划精品教材 | |
| 320 | @a有书目 (第405-406页) | |
| 330 | @a本书按照室内设计的四个主要内容,即室内空间设计、界面装饰与装修、室内陈设及内含物设计、室内环境质量设计进行系统论述。 | |
| 510 | 1 | @aGenerality on the interior design@zeng |
| 606 | 0 | @a室内设计@Ashi nei she ji@x高等学校@j教材 |
| 690 | @aTU238@v4 | |
| 701 | 0 | @a张书鸿@Azhang shu hong@4主编 |
| 801 | 0 | @aCN@bQSSK@c20091222 |
| 905 | @b295831-35@dTU238@eZ170@f5 | |
| 室内设计概论= Generality on the interior design/张书鸿主编.-武汉:华中科技大学出版社,2007.09 |
| 406页:图 (部分彩图);26cm |
| 普通高等院校建筑专业“十一五”规划精品教材 |
| ISBN 978-7-5609-4120-2:CNY55.00 |
| 本书按照室内设计的四个主要内容,即室内空间设计、界面装饰与装修、室内陈设及内含物设计、室内环境质量设计进行系统论述。 |
| ● |
| 相关链接 |
|
|
|
正题名:室内设计概论
索取号:TU238/Z170
 
预约/预借
| 序号 | 登录号 | 条形码 | 馆藏地/架位号 | 状态 | 备注 |
| 1 | 295833 | 202958335 | 建筑库101/101建筑库 51排2列4层/ [索取号:TU238/Z170] | 在馆 | |
| 2 | 295834 | 202958344 | 自科二线404/404自科库 6排6列3层/ [索取号:TU238/Z170] | 在馆 | |
| 3 | 295835 | 202958353 | 建筑库101/ [索取号:TU238/Z170] | 在馆 |